000 00286 a2200145 4500
001 176100
020 _a
040 _cMagnum
100 _aLapate, Vagner
240 1 0 _aDrogas
_lpor
245 1 0 _aDrogas
362 0 _a1899
697 _aMAGNITO: CIENCIAS MEDICAS SAUD
942 _cBK
999 _c176100
_d176100